MARC details
| 000 -LEADER |
| fixed length control field |
02796pam a22003494a 4500 |
| 001 - CONTROL NUMBER |
| control field |
5690833 |
| 003 - CONTROL NUMBER IDENTIFIER |
| control field |
ARRUPE |
| 005 - DATE AND TIME OF LATEST TRANSACTION |
| control field |
20150908142424.0 |
| 008 - FIXED-LENGTH DATA ELEMENTS--GENERAL INFORMATION |
| fixed length control field |
060314s2006 paua b 001 0 eng |
| 010 ## - LIBRARY OF CONGRESS CONTROL NUMBER |
| LC control number |
2006008877 |
| 015 ## - NATIONAL BIBLIOGRAPHY NUMBER |
| National bibliography number |
GBA646475 |
| Source |
bnb |
| 016 7# - NATIONAL BIBLIOGRAPHIC AGENCY CONTROL NUMBER |
| Record control number |
013464651 |
| Source |
Uk |
| 020 ## - INTERNATIONAL STANDARD BOOK NUMBER |
| International Standard Book Number |
0822942844 (cloth : alk. paper) |
| 024 3# - OTHER STANDARD IDENTIFIER |
| Standard number or code |
9780822942849 |
| 035 ## - SYSTEM CONTROL NUMBER |
| System control number |
(OCoLC)OCM65201229 |
| 035 ## - SYSTEM CONTROL NUMBER |
| System control number |
(NNC)5690833 |
| 040 ## - CATALOGING SOURCE |
| Original cataloging agency |
DLC |
| Transcribing agency |
DLC |
| Modifying agency |
BAKER |
| -- |
UKM |
| -- |
C#P |
| -- |
OrLoB-B |
| 042 ## - AUTHENTICATION CODE |
| Authentication code |
pcc |
| 050 00 - LIBRARY OF CONGRESS CALL NUMBER |
| Classification number |
Q175 |
| Item number |
.R23 2006 |
| 082 00 - DEWEY DECIMAL CLASSIFICATION NUMBER |
| Classification number |
501 |
| Edition number |
22 |
| 300 ## - PHYSICAL DESCRIPTION |
| Other physical details |
ill. ; |
| Dimensions |
24 cm. |
| 100 1# - MAIN ENTRY--PERSONAL NAME |
| Personal name |
Radder, Hans. |
| 9 (RLIN) |
19503 |
| 245 14 - TITLE STATEMENT |
| Title |
The world observed, the world conceived / |
| Statement of responsibility, etc |
Hans Radder. |
| 260 ## - PUBLICATION, DISTRIBUTION, ETC. (IMPRINT) |
| Place of publication, distribution, etc |
Pittsburgh : |
| Name of publisher, distributor, etc |
University of Pittsburgh Press, |
| Date of publication, distribution, etc |
c2006. |
| 300 ## - PHYSICAL DESCRIPTION |
| Extent |
x, 220 p. : |
| 504 ## - BIBLIOGRAPHY, ETC. NOTE |
| Bibliography, etc |
Includes bibliographical references (p. [201]-211) and index. |
| 505 00 - FORMATTED CONTENTS NOTE |
| Miscellaneous information |
1. |
| Title |
Observation and conceptual interpretation -- |
| Miscellaneous information |
2. |
| Title |
The absence of experience in empiricism -- |
| Miscellaneous information |
3. |
| Title |
The conceptual analysis of observation -- |
| Miscellaneous information |
4. |
| Title |
The interaction-information theory of observability and observation -- |
| Miscellaneous information |
5. |
| Title |
Connectionist accounts of observation -- |
| Miscellaneous information |
6. |
| Title |
A hermeneutical approach to perception -- |
| Miscellaneous information |
7. |
| Title |
The material realization and conceptual interpretation of observational processes -- |
| Miscellaneous information |
8. |
| Title |
How concepts structure the world -- |
| Miscellaneous information |
9. |
| Title |
The extensibility of concepts to novel observational processes -- |
| Miscellaneous information |
10. |
| Title |
Extensible concepts, abstraction, and nonlocals -- |
| Miscellaneous information |
11. |
| Title |
Wider philosophical implications -- |
| Miscellaneous information |
12. |
| Title |
Abstraction, formalization, and digitization -- |
| Miscellaneous information |
13. |
| Title |
Aristotelian abstraction and scientific theorizing -- |
| Miscellaneous information |
14. |
| Title |
Abstraction and the extension of actor networks -- |
| Miscellaneous information |
15. |
| Title |
Meaning finitism and the sociology of scientific knowledge -- |
| Miscellaneous information |
16. |
| Title |
Product patenting as the exploitation of abstract possibilities -- |
| Miscellaneous information |
17. |
| Title |
Epilogue : experience, naturalism, and critique. |
| 520 1# - SUMMARY, ETC. |
| Summary, etc |
"Observation and conceptual interpretation constitute two major ways through which human beings engage the world. The World Observed/The World Conceived presents an innovative analysis of the nature and role of observation and conceptualization. While these two actions are often treated as separate, Hans Radder shows that they are inherently interconnected - that materially realized observational processes are always conceptually interpreted, and that the meaning of concepts depends on the way they structure observational processes and abstract from them. He examines the role of human action and conceptualization in realizing observational processes and develops a detailed theory of the relationship between observation, abstraction, and the meaning of concepts."--BOOK JACKET. |
| 650 #0 - SUBJECT ADDED ENTRY--TOPICAL TERM |
| Topical term or geographic name as entry element |
Science |
| General subdivision |
Philosophy. |
| 9 (RLIN) |
19504 |
| 900 ## - EQUIVALENCE OR CROSS-REFERENCE-PERSONAL NAME [LOCAL, CANADA] |
| Numeration |
TOC |
| 942 ## - ADDED ENTRY ELEMENTS (KOHA) |
| Source of classification or shelving scheme |
Library of Congress Classification |
| Koha item type |
Monograph ( Printed materials) |
| 948 1# - LOCAL PROCESSING INFORMATION (OCLC); SERIES PART DESIGNATOR (RLIN) |
| Series part designator, SPT (RLIN) |
20060726 |
| b (OCLC) |
c |
| c (OCLC) |
oc2016 |
| d (OCLC) |
MPS |